| 000 | 00911cam a2200265 a 4500 | ||
|---|---|---|---|
| 001 | 2561775 | ||
| 003 | ARRUPE | ||
| 005 | 20150414115356.0 | ||
| 008 | 950815s1996 enk b 001 0 eng | ||
| 010 | _a 95038401 | ||
| 020 | _a0521561582 (hc) | ||
| 020 | _a0521567459 (pbk.) | ||
| 040 |
_aDLC _cDLC _dDLC |
||
| 050 | 0 | 0 |
_aP106 _b.C5824 1996 |
| 082 | 0 | 0 |
_a400 _220 |
| 100 | 1 |
_aClark, Herbert H. _916091 |
|
| 245 | 1 | 0 |
_aUsing language / _cHerbert H. Clark. |
| 260 |
_aCambridge [England] ; _aNew York : _bCambridge University Press, _c1996. |
||
| 300 |
_axi, 432 p. ; _c24 cm. |
||
| 504 | _aIncludes bibliographical references (p. 393-412) and indexes. | ||
| 650 | 0 |
_aLanguage and languages. _916092 |
|
| 906 |
_a7 _bcbc _corignew _d1 _eocip _f19 _gy-gencatlg |
||
| 942 |
_2lcc _cMONOGRAPH |
||
| 999 |
_c122370 _d122370 |
||